[Event "Titled Tuesday intern op 15th Nov Late"]
[Site "Chess.com INT"]
[Date "2022.11.15"]
[Round "6"]
[White "Averjanov, Alexey"]
[Black "Jiang, Andrew"]
[Result "1-0"]
[WhiteElo "2399"]
[BlackElo "1959"]
[PlyCount "103"]
[EventDate "2022.11.15"]
[EventType "swiss (blitz)"]
[EventRounds "11"]
[EventCountry "USA"]
[SourceTitle "CBM 211 Extra"]
[Source "ChessBase"]
[SourceDate "2023.01.31"]
[SourceVersion "1"]
[SourceVersionDate "2023.01.31"]
[SourceQuality "1"]

1. d4 d5 2. c4 e6 3. Nf3 Nf6 4. e3 Be7 5. Nbd2 0-0 6. Bd3 b6 7. 0-0 Bb7 8. Qe2 Nbd7 9. e4 dxe4 10. Nxe4 Nxe4 11. Bxe4 Bxe4 12. Qxe4 Nf6 13. Qe2 c5 14. Rd1 cxd4 15. Nxd4 Qc8 16. b3 Rd8 17. Bb2 Qc5 18. Rd3 Rd6 19. Rad1 Rad8 20. Nf3 Rxd3 21. Rxd3 Rxd3 22. Qxd3 Qd6 23. Qxd6 Bxd6 24. Kf1 Kf8 25. Ke2 Ke7 26. Kd3 h6 27. Ne5 Bc5 28. f3 a6 29. Bc3 Bd6 30. b4 h5 31. a3 g6 32. h3 h4 33. Nc6+ Kd7 34. Bxf6 Kxc6 35. Bxh4 a5 36. b5+ Kc7 37. a4 Be5 38. Bf2 Bd6 39. g4 Be7 40. h4 Bf8 41. h5 gxh5 42. gxh5 Bh6 43. Be3 Bg7 44. h6 Bh8 45. Ke4 f5+ 46. Kf4 Bf6 47. c5 bxc5 48. Bxc5 Kd7 49. Bf8 Ke8 50. Bg7 Bxg7 51. hxg7 Kf7 52. b6 1-0

[Event "Titled Tuesday intern op 08th Nov Early"]
[Site "Chess.com INT"]
[Date "2022.11.08"]
[Round "2"]
[White "Jiang, Andrew"]
[Black "Piesik, Piotr"]
[Result "1-0"]
[WhiteElo "1959"]
[BlackElo "2416"]
[PlyCount "43"]
[EventDate "2022.11.08"]
[EventType "swiss (blitz)"]
[EventRounds "11"]
[EventCountry "USA"]
[SourceTitle "EXT 2024"]
[Source "ChessBase"]
[SourceDate "2023.10.10"]
[SourceVersion "1"]
[SourceVersionDate "2023.10.10"]
[SourceQuality "1"]

1. e4 g6 2. d4 Bg7 3. Nc3 c6 4. f4 d5 5. e5 Nh6 6. Nf3 Bg4 7. Bd3 Nf5 8. Bxf5 gxf5 9. 0-0 Bxf3 10. Rxf3 e6 11. Rg3 Bf8 12. Qh5 Nd7 13. Be3 Qe7 14. Qe2 0-0-0 15. Rb1 h5 16. b4 b5 17. a4 a6 18. axb5 axb5 19. Nxb5 cxb5 20. Qxb5 Nb8 21. Bd2 Qb7 22. Rc3+ 1-0

[Event "Titled Tuesday intern op 08th Nov Early"]
[Site "Chess.com INT"]
[Date "2022.11.08"]
[Round "4"]
[White "Melikyan, Gnel"]
[Black "Jiang, Andrew"]
[Result "1-0"]
[WhiteElo "2238"]
[BlackElo "1959"]
[PlyCount "99"]
[EventDate "2022.11.08"]
[EventType "swiss (blitz)"]
[EventRounds "11"]
[EventCountry "USA"]
[SourceTitle "EXT 2024"]
[Source "ChessBase"]
[SourceDate "2023.10.10"]
[SourceVersion "1"]
[SourceVersionDate "2023.10.10"]
[SourceQuality "1"]

1. e4 e5 2. Nf3 Nc6 3. d4 exd4 4. Nxd4 Bc5 5. Nxc6 Qf6 6. Qf3 dxc6 7. Nc3 Be6 8. Qg3 Bd6 9. f4 Qg6 10. Qf2 f5 11. e5 Bb4 12. Bd2 Ne7 13. a3 Bxc3 14. Bxc3 0-0-0 15. Qxa7 Nd5 16. Bd2 Qg4 17. Qf2 Rhe8 18. Be2 Qg6 19. 0-0-0 Nb6 20. Ba5 Bd5 21. Rhg1 Qe6 22. Bxb6 cxb6 23. Qxb6 Be4 24. b3 g5 25. g3 Qh6 26. Qf2 gxf4 27. gxf4 Rxd1+ 28. Bxd1 Rxe5 29. Rg8+ Kc7 30. Qg3 Re7 31. Qg5 Qd6 32. Rg7 Rxg7 33. Qxg7+ Kb6 34. Qe5 Qxe5 35. fxe5 Kc5 36. c4 f4 37. Bc2 Bg2 38. Bxh7 f3 39. Be4 Bh1 40. Bd3 f2 41. Bf1 Be4 42. Kd2 Kd4 43. e6 Bg6 44. e7 Ke5 45. Ke3 Ke6 46. Kxf2 Kxe7 47. Ke3 Kf6 48. Kd4 Bc2 49. b4 Bd3 50. Bxd3 1-0

[Event "Titled Tuesday intern op 08th Nov Early"]
[Site "Chess.com INT"]
[Date "2022.11.08"]
[Round "11"]
[White "Wirig, Anthony"]
[Black "Jiang, Andrew"]
[Result "1-0"]
[WhiteElo "2515"]
[BlackElo "1959"]
[PlyCount "117"]
[EventDate "2022.11.08"]
[EventType "swiss (blitz)"]
[EventRounds "11"]
[EventCountry "USA"]
[SourceTitle "EXT 2024"]
[Source "ChessBase"]
[SourceDate "2023.10.10"]
[SourceVersion "1"]
[SourceVersionDate "2023.10.10"]
[SourceQuality "1"]

1. e4 e5 2. Nc3 Nf6 3. Bc4 Nxe4 4. Qh5 Nd6 5. Bb3 Be7 6. Nf3 Nc6 7. h4 Nd4 8. Nxe5 0-0 9. d3 Bf6 10. Ng4 g6 11. Nxf6+ Qxf6 12. Qg5 Re8+ 13. Be3 Qxg5 14. hxg5 N6f5 15. Kd2 Nxe3 16. fxe3 Ne6 17. Ne4 Kg7 18. Bxe6 dxe6 19. Nf6 Rh8 20. Rh6 e5 21. Rah1 Kf8 22. Rxh7 Rxh7 23. Rxh7 Ke7 24. Rh8 b6 25. Re8+ Kd6 26. e4 Bb7 27. Rxa8 Bxa8 28. Ke3 Ke6 29. g3 Bb7 30. c3 Ba8 31. a3 Bb7 32. d4 Ba8 33. Ng4 exd4+ 34. cxd4 Bb7 35. b4 Kd6 36. d5 c5 37. dxc6 Bxc6 38. Kd4 Ke6 39. Ne5 Bb5 40. Ng4 Bc6 41. Nf6 Bb5 42. Nd5 Bc6 43. Nf4+ Kd6 44. e5+ Ke7 45. Kc4 a6 46. Kd4 Bb7 47. Nd5+ Ke6 48. Nxb6 Kf5 49. Nd7 Kxg5 50. Nf6 Kf5 51. a4 Ke6 52. b5 axb5 53. axb5 Bg2 54. Ng4 Bb7 55. Ne3 f6 56. exf6 Kxf6 57. Kc5 Ke5 58. Nc4+ Kf5 59. Nd6+ 1-0